| 000 | 00581cam a2200193 4500 | ||
|---|---|---|---|
| 001 | 2711 | ||
| 005 | 20181127165547.0 | ||
| 008 | 040226s2005 njua b 001 0 eng | ||
| 010 | _a 2004044527 | ||
| 020 | _a9788120343382 | ||
| 100 | 1 | _aDavid, Fred R. | |
| 245 | 1 | 0 |
_aStrategic management : _bconcepts and cases / _cFred R. David. |
| 250 | _a13th ed. | ||
| 260 |
_aNew Delhi : _bPHI Learning, _c2011. |
||
| 300 |
_av. : _bill. ; _c26 cm. |
||
| 504 | _aIncludes bibliographical references and indexes. | ||
| 650 | 0 |
_aStrategic planning _vCase studies. |
|
| 650 | 0 | _aStrategic planning. | |
| 999 |
_c2171 _d2171 |
||